<?xml version="1.0" encoding="UTF-8"?><marc:collection xmlns:marc="http://www.loc.gov/MARC21/slim">
  <marc:record>
    <marc:leader>00000nas  2200000zi 4500</marc:leader>
    <marc:controlfield tag="001">9.879777</marc:controlfield>
    <marc:controlfield tag="003">CaOODSP</marc:controlfield>
    <marc:controlfield tag="005">20250905114052</marc:controlfield>
    <marc:controlfield tag="006">m     o  d f      </marc:controlfield>
    <marc:controlfield tag="007">cr cn ||||||||</marc:controlfield>
    <marc:controlfield tag="008">190925c20179999qucar p o    f0###a0eng|d</marc:controlfield>
    <marc:datafield tag="020" ind1=" " ind2=" ">
      <marc:subfield code="z">9780660041551</marc:subfield>
      <marc:subfield code="z">9780660072753</marc:subfield>
      <marc:subfield code="z">9780660252131</marc:subfield>
    </marc:datafield>
    <marc:datafield tag="022" ind1=" " ind2=" ">
      <marc:subfield code="a">2562-895X</marc:subfield>
    </marc:datafield>
    <marc:datafield tag="040" ind1=" " ind2=" ">
      <marc:subfield code="a">CaOODSP</marc:subfield>
      <marc:subfield code="b">eng</marc:subfield>
      <marc:subfield code="e">rda</marc:subfield>
      <marc:subfield code="c">CaOODSP</marc:subfield>
    </marc:datafield>
    <marc:datafield tag="043" ind1=" " ind2=" ">
      <marc:subfield code="a">n-cn---</marc:subfield>
    </marc:datafield>
    <marc:datafield tag="086" ind1="1" ind2=" ">
      <marc:subfield code="a">R75-7E-PDF</marc:subfield>
      <marc:subfield code="z">H34-289/2017E-PDF</marc:subfield>
      <marc:subfield code="z">H34-289/2017-1E-PDF</marc:subfield>
      <marc:subfield code="z">H34-316/2018E-PDF</marc:subfield>
    </marc:datafield>
    <marc:datafield tag="222" ind1=" " ind2="0">
      <marc:subfield code="a">First Nations Environmental Contaminants Program for communities and organizations south of 60th parallel</marc:subfield>
    </marc:datafield>
    <marc:datafield tag="245" ind1="0" ind2="0">
      <marc:subfield code="a">First Nations Environmental Contaminants Program for communities and organizations south of 60th parallel : </marc:subfield>
      <marc:subfield code="b">... call for proposals.</marc:subfield>
    </marc:datafield>
    <marc:datafield tag="264" ind1=" " ind2="1">
      <marc:subfield code="a">Ottawa, ON : </marc:subfield>
      <marc:subfield code="b">First Nations environmental contaminants program (FNECP), Environmental Public Health Division : </marc:subfield>
      <marc:subfield code="b">Population Health and Primary Care Directorate, First Nations and Inuit Health Branch, Health Canada, </marc:subfield>
      <marc:subfield code="c">2016- </marc:subfield>
    </marc:datafield>
    <marc:datafield tag="310" ind1=" " ind2=" ">
      <marc:subfield code="a">Annual</marc:subfield>
    </marc:datafield>
    <marc:datafield tag="336" ind1=" " ind2=" ">
      <marc:subfield code="a">text</marc:subfield>
      <marc:subfield code="2">rdacontent</marc:subfield>
    </marc:datafield>
    <marc:datafield tag="337" ind1=" " ind2=" ">
      <marc:subfield code="a">computer</marc:subfield>
      <marc:subfield code="2">rdamedia</marc:subfield>
    </marc:datafield>
    <marc:datafield tag="338" ind1=" " ind2=" ">
      <marc:subfield code="a">online resource</marc:subfield>
      <marc:subfield code="2">rdacarrier</marc:subfield>
    </marc:datafield>
    <marc:datafield tag="362" ind1="1" ind2=" ">
      <marc:subfield code="a">Began with 2016/2017.</marc:subfield>
    </marc:datafield>
    <marc:datafield tag="500" ind1=" " ind2=" ">
      <marc:subfield code="a">Issued also in French under title: Programme de lutte contre les contaminants de l’environnement chez les Premières nations pour les collectivités et les organismes au sud du 60e parallèle : appel de propositions.</marc:subfield>
    </marc:datafield>
    <marc:datafield tag="550" ind1=" " ind2=" ">
      <marc:subfield code="a">Issued 2018/2019- by Indigenous Services Canada.</marc:subfield>
    </marc:datafield>
    <marc:datafield tag="588" ind1=" " ind2=" ">
      <marc:subfield code="a">Description based on: 2016/2017.</marc:subfield>
    </marc:datafield>
    <marc:datafield tag="588" ind1=" " ind2=" ">
      <marc:subfield code="a">Latest issue consulted: 2018/2019.</marc:subfield>
    </marc:datafield>
    <marc:datafield tag="610" ind1="2" ind2="4">
      <marc:subfield code="a">First Nations Environmental Contaminants Program</marc:subfield>
      <marc:subfield code="v">Periodicals.</marc:subfield>
    </marc:datafield>
    <marc:datafield tag="650" ind1=" " ind2="0">
      <marc:subfield code="a">Indigenous peoples</marc:subfield>
      <marc:subfield code="x">Health and hygiene</marc:subfield>
      <marc:subfield code="z">Canada</marc:subfield>
      <marc:subfield code="v">Periodicals.</marc:subfield>
    </marc:datafield>
    <marc:datafield tag="650" ind1=" " ind2="0">
      <marc:subfield code="a">Pollution</marc:subfield>
      <marc:subfield code="x">Health aspects</marc:subfield>
      <marc:subfield code="z">Canada, Northern</marc:subfield>
      <marc:subfield code="v">Periodicals.</marc:subfield>
    </marc:datafield>
    <marc:datafield tag="710" ind1="1" ind2=" ">
      <marc:subfield code="a">Canada. </marc:subfield>
      <marc:subfield code="b">Indigenous Services Canada.</marc:subfield>
    </marc:datafield>
    <marc:datafield tag="710" ind1="1" ind2=" ">
      <marc:subfield code="a">Canada. </marc:subfield>
      <marc:subfield code="b">First Nations and Inuit Health Branch‏.</marc:subfield>
    </marc:datafield>
    <marc:datafield tag="775" ind1="0" ind2="8">
      <marc:subfield code="t">Programme de lutte contre les contaminants de l'environnement chez les Premières nations pour les collectivités et les organismes au sud du 60e parallèle : </marc:subfield>
      <marc:subfield code="w">(CaOODSP)9.879787</marc:subfield>
    </marc:datafield>
    <marc:datafield tag="986" ind1=" " ind2=" ">
      <marc:subfield code="a">Pub.: 150192</marc:subfield>
    </marc:datafield>
    <marc:datafield tag="986" ind1=" " ind2=" ">
      <marc:subfield code="a">Pub.: 170444</marc:subfield>
    </marc:datafield>
  </marc:record>
</marc:collection>
